Представление документа в формате RUSMARC

ПолеНазваниеЗначение
  Тип записи a
  Библиографический уровень m
001 Контрольный номер 9e32ee85d7e54778a4e64b251747e216
005 Дата корректировки 20140728121235.0
101 Язык документа 0_
a Язык текста rus
102 Страна публикации __
a Страна публикации RU
200 Заглавие и сведения об ответственности 1_
a Заглавие Администрирование в информационной системе
b Общее обозначение материала Текст
e Сведения, относящиеся к заглавию учебное пособие
f Первые сведения об ответственности М.Н. Беленькая
g Последующие сведения об ответственности С.Т. Малиновский
g Последующие сведения об ответственности Н.В. Яковенко
210 Выходные данные 1_
a Место издания М.:
c Издательство Горячая линия - Телеком.
d Дата издания 2011
215 Физическое описание __
a Объем 400с.
c Иллюстрации/тип воспроизводства ил.
610 Ключевые слова 0_
a Ключевые слова объекты администрирования
a Ключевые слова средства передачи данных
a Ключевые слова администрирование сетевых систем
686 Индексы других классификаций __
a Классификационный индекс 32.973.202
700 Автор _1
a Фамилия Беленькая
b Имя М.Н.
701 Альтернативная интеллектуальная ответственность _1
b Имя Н.В.
a Фамилия Яковенко
a Фамилия Малиновский
b Имя С.Т.
801 Источник записи _0
a Страна RU
b Организация РУК
g Правила каталогизации PSBO
801 Источник записи _1
a Страна RU
b Организация РУК
g Правила каталогизации PSBO
852 Данные о местонахождении __
i Авторский знак Б 431
j Шифр хранения 32.973.202
901 Тип документа __
t Тип документа m
937 Технологическая информация __
a Создатель записи (имя) ОрловаОВ
938 Служебная информация __
a Название организации Смоленский филиал
952 Тип литературы __
b Гриф литературы для ВШ гриф УМО
c Вид литературы учебное пособие